000 00496nam a2200181Ia 4500
008 240925s9999 xx 000 0 und d
020 _a817635533X
082 _a005.369 PER
100 _aPerry, Greg
245 0 _aSames teach yourself: Microsoft office XP in 24 hours
250 _aNA
260 _aIndia:
_bTechmedia publications
_c,2002.
300 _a429p.
_bNA
_fNA
500 _aNA
600 _aComputer Science
650 _aComputer science, information & general works
942 _cBK
999 _c7498
_d7498